আগাথা ক্রিস্টি রচনাসমগ্র / (Record no. 11812)
[ view plain ]
| 000 -LEADER | |
|---|---|
| fixed length control field | 00834nam a2200241 a 4500 |
| 001 - CONTROL NUMBER | |
| JCCL Control Number | 11812 |
| 003 - CONTROL NUMBER IDENTIFIER | |
| JCCL marc code | BD-JhCC |
| 005 - DATE AND TIME OF LATEST TRANSACTION | |
| control field | 20210926134022.0 |
| 008 - FIXED-LENGTH DATA ELEMENTS--GENERAL INFORMATION | |
| fixed length control field | 201104b2018 bg |||| ||b| 000 0 ben d |
| 020 ## - INTERNATIONAL STANDARD BOOK NUMBER | |
| International Standard Book Number | 9789849361138 |
| 035 ## - SYSTEM CONTROL NUMBER | |
| system control number | (BD-JhCC)11812 |
| 040 ## - CATALOGING SOURCE | |
| Original cataloging agency | BD-JhCC |
| Modifying agency | BD-JhCC |
| 041 ## - LANGUAGE CODE | |
| Language code of Book | ben |
| 082 ## - DEWEY DECIMAL CLASSIFICATION NUMBER | |
| Classification number | 813.0872 |
| DDC Edition number | CHR 2018 |
| 100 ## - MAIN ENTRY--PERSONAL NAME | |
| Personal name | ক্রিস্টি,আগাথা |
| 245 ## - TITLE STATEMENT | |
| Title | আগাথা ক্রিস্টি রচনাসমগ্র / |
| Statement of responsibility, etc | আগাথা ক্রিস্টি,অনুঃ নচিকেতা ঘোষ । |
| 260 ## - PUBLICATION, DISTRIBUTION, ETC. (IMPRINT) | |
| Place of publication, distribution, etc | ঢাকা: |
| Name of publisher, distributor, etc | সালমা বুক ডিপো; |
| Date of publication, distribution, etc | ২০১৮. |
| 300 ## - PHYSICAL DESCRIPTION | |
| Pagination | 960 p. : |
| Dimensions | 24 cm. |
| 650 ## - SUBJECT ADDED ENTRY--TOPICAL TERM | |
| Topical term or geographic name as entry element | Detective and mystery stories |
| Geographic subdivision | American |
| 700 ## - ADDED ENTRY--PERSONAL NAME | |
| Personal name | ঘোষ,নচিকেতা |
| 942 ## - ADDED ENTRY ELEMENTS (KOHA) | |
| Source of classification or shelving scheme | Dewey Decimal Classification |
| Koha item type | Books |
| Koha issues (borrowed), all copies | 2 |
| Source of classification or shelving scheme | volume number | Damaged status | Not for loan | Home library | Current library | Shelving location | Date of accession | Source of acquisition | Cost, normal purchase price | Total Checkouts | Full call number | Barcode | Date last seen | Date checked out | Copy number | Koha item type |
|---|---|---|---|---|---|---|---|---|---|---|---|---|---|---|---|---|
| Dewey Decimal Classification | V-1 | JCC Rouf Library | JCC Rouf Library | General Stacks | 11/04/2020 | Lt. Gen. Mahfuzur Rahman(10th intake) | 450.00 | 5 | 813.0872 CHR 2018 | 16147 | 01/20/2025 | 12/06/2024 | C-1 | Books | ||
| Dewey Decimal Classification | V-2 | JCC Rouf Library | JCC Rouf Library | General Stacks | 11/04/2020 | Lt. Gen. Mahfuzur Rahman(10th intake) | 450.00 | 813.0872 CHR 2018 | 16148 | 11/04/2020 | C-1 | Books | ||||
| Dewey Decimal Classification | V-3 | JCC Rouf Library | JCC Rouf Library | General Stacks | 11/04/2020 | Lt. Gen. Mahfuzur Rahman(10th intake) | 450.00 | 813.0872 CHR 2018 | 16149 | 11/04/2020 | C-1 | Books | ||||
| Dewey Decimal Classification | V-4 | JCC Rouf Library | JCC Rouf Library | General Stacks | 11/04/2020 | Lt. Gen. Mahfuzur Rahman(10th intake) | 450.00 | 813.0872 CHR 2018 | 16150 | 11/04/2020 | C-1 | Books |